000 00589nam a22002057a 4500
005 20250129164500.0
008 250127b |||||||| |||| 00| 0 eng d
020 _a978-0-691-25204-9
037 _cTB
040 _aAL
_cAL
084 _aV2:2 R3
_qAL
100 _aSunstein, Cass R.
_9150050
245 _aHow to intrepret the constitution
260 _aNew Jersey,USA:
_bPrinceton University Press,
_c2023
300 _a195p.
546 _aeng
650 _aConstitution
942 _2CC
_cTB
_hV2:2 R3
_n0
999 _c1238273
_d1238273